000 00483 a2200193 4500
005 20240521113027.0
010 _aB-759129
020 _a9781407178660
_c295.00
035 _aB-759129
037 _bGift
082 _aS
100 _aDeary, Terry
_966555
245 _aIncredible Incas/
_cTerry Deary
260 _aLondon
_bScholastic
_c2008
270 _aLondon
_bLondon
300 _a140 p.
_c19 cm(Pb)
942 _adpl
_cCH
_2ddc
_hS
_mDEA
999 _c203059
_d203059